000 00514nam a2200193Ia 4500
005 20260120130836.0
008 008 260114s9999 xx 000 0 eng d
020 _a9780199848485
037 _aEBOOK
040 _aCRL
_beng
_cCRL
041 _aeng
_2eng
084 _qCRL
100 _aWeissmark
_9919868
245 0 _aJustice Matters
260 _bOxford University PressOxford University Press
_c2012
856 _uhttps://academic.oup.com/book/6732
942 _cEBOOK
999 _c1511774
_d1511774